How to Win at College (Record no. 369648)

MARC details
000 -LEADER
fixed length control field 00504nam a2200169 4500
005 - DATE AND TIME OF LATEST TRANSACTION
control field 20251231143512.0
008 - FIXED-LENGTH DATA ELEMENTS--GENERAL INFORMATION
fixed length control field 251231b |||||||| |||| 00| 0 eng d
020 ## - INTERNATIONAL STANDARD BOOK NUMBER
International Standard Book Number 978-0-7679-1787-2
041 ## - LANGUAGE CODE
Language code of text/sound track or separate title English
082 ## - DEWEY DECIMAL CLASSIFICATION NUMBER
Edition number 1st
Classification number X 378.1 NEW
Item number B12107
100 ## - MAIN ENTRY--PERSONAL NAME
Author Newport, Cal
245 ## - TITLE STATEMENT
Title How to Win at College
Remainder of title :Surprising secreats for success from the country's top students
260 ## - PUBLICATION, DISTRIBUTION, ETC.
Place of publication, distribution, etc. New York
Name of publisher, distributor, etc. Three Rivers Press
Date of publication, distribution, etc. 2005
300 ## - PHYSICAL DESCRIPTION
Extent viii,193p
Other physical details pb
365 ## - TRADE PRICE
Price type code Rupaye
Price amount 479
Currency code TNR
942 ## - ADDED ENTRY ELEMENTS (KOHA)
Koha item type Books
Holdings
Withdrawn status Lost status Source of classification or shelving scheme Damaged status Not for loan Collection code Home library Current library Date acquired Vendor Net Price Bill number Total Checkouts Full call number Barcode Date last seen Discount Actual Price Bill Date Koha item type Original Barcode
    Dewey Decimal Classification     Non-fiction Smt. Bakul Tambat Institute of Nursing Education Smt. Bakul Tambat Institute of Nursing Education 30/12/2025 Amazon(online) 405-0859647-8346713 431.10 IN-12384   X 378.1 NEW B12107 BTIN-BK-12107 31/12/2025 47.90 479.00 14/10/2025 Books BTIN-BK-12107